[Event "OeISM B U10"]
[Site "AUT_boys_U10"]
[Date "2020.12.13"]
[Round "2"]
[White "CaptainJojo"]
[Black "Davidalaba"]
[Result "0-1"]
[WhiteElo "1317"]
[BlackElo "1469"]
[Annotator "NA RC"]
[PlyCount "86"]
[EventDate "2020.12.13"]
[EventType "blitz"]

1. e4 {[%emt 0:00:07]} e5 {[%emt 0:00:05]} 2. Nf3 {[%emt 0:00:04]} Nc6 {[%emt 0:00:01]} 3. Nc3 {[%emt 0:00:05]} Nf6 {[%emt 0:00:03]} 4. Bb5 {[%emt 0:00:07]} d6 {[%emt 0:00:03]} 5. d3 {[%emt 0:00:09]} a6 {[%emt 0:00:03]} 6. Bxc6+ {[%emt 0:00:04]} bxc6 {[%emt 0:00:07]} 7. h3 {[%emt 0:00:08]} h6 {[%emt 0:00:08]} 8. Be3 {[%emt 0:00:05]} Be7 {[%emt 0:00:08]} 9. O-O {[%emt 0:00:04]} O-O {[%emt 0:00:03]} 10. Qd2 {[%emt 0:00:05]} Be6 {[%emt 0:00:21]} 11. d4 {[%emt 0:00:30]} exd4 {[%emt 0:00:18]} 12. Nxd4 {[%emt 0:00:05]} Bd7 {[%emt 0:00:06]} 13. Rfe1 {[%emt 0:00:15]} c5 {[%emt 0:00:05]} 14. Nf5 {[%emt 0:00:05]} Bxf5 {[%emt 0:00:03]} 15. exf5 {[%emt 0:00:02]} Qd7 {[%emt 0:00:03]} 16. Nd5 {[%emt 0:00:31]} Rfe8 {[%emt 0:00:11]} 17. Nxf6+ {[%emt 0:00:17]} Bxf6 {[%emt 0:00:00]} 18. Qd5 {[%emt 0:00:16]} Bxb2 {[%emt 0:00:15]} 19. Rab1 {[%emt 0:00:06]} Bf6 {[%emt 0:00:12]} 20. Bf4 {[%emt 0:00:55]} Rad8 {[%emt 0:00:11]} 21. Re4 {[%emt 0:00:30]} c6 {[%emt 0:00:12]} 22. Qc4 {[%emt 0:00:06]} d5 {[%emt 0:00:06]} 23. Qd3 {[%emt 0:00:10]} dxe4 {[%emt 0:00:04]} 24. Qxd7 {[%emt 0:00:03]} Rxd7 {[%emt 0:00:04]} 25. Re1 {[%emt 0:00:10]} Bd4 {[%emt 0:00:25]} 26. Kh1 {[%emt 0:00:22]} Bxf2 {[%emt 0:00:07]} 27. Re2 {[%emt 0:00:03]} Bd4 {[%emt 0:00:04]} 28. Kh2 {[%emt 0:00:14]} Ree7 {[%emt 0:00:28]} 29. Kh1 {[%emt 0:00:20]} Be5 {[%emt 0:00:18]} 30. Be3 {[%emt 0:00:11]} Rd1+ {[%emt 0:00:11]} 31. Bg1 {[%emt 0:00:06]} Bd4 {[%emt 0:00:14]} 32. Kh2 {[%emt 0:00:11]} Bxg1+ {[%emt 0:00:04]} 33. Kg3 {[%emt 0:00:03]} Bd4 {[%emt 0:00:08]} 34. Kg4 {[%emt 0:00:07]} e3 {[%emt 0:00:27]} 35. f6 {[%emt 0:00:14]} gxf6 {[%emt 0:00:03]} 36. Kf3 {[%emt 0:00:04]} Rd2 {[%emt 0:00:11]} 37. g4 {[%emt 0:00:08]} Rxe2 {[%emt 0:00:05]} 38. g5 {[%emt 0:00:07]} Rf2+ {[%emt 0:00:07]} 39. Kg4 {[%emt 0:00:02]} fxg5 {[%emt 0:00:12]} 40. h4 {[%emt 0:00:03]} e2 {[%emt 0:00:05]} 41. h5 {[%emt 0:00:04]} e1=Q {[%emt 0:00:10]} 42. c4 {[%emt 0:00:16]} Qg1+ {[%emt 0:00:04]} 43. Kh3 {[%emt 0:00:04]} Rh2# {[%emt 0:00:00] Mate Mate} 0-1

[Event "OeISM B U10"]
[Site "AUT_boys_U10"]
[Date "2020.12.13"]
[Round "3"]
[White "philip2010"]
[Black "Widder2010"]
[Result "1-0"]
[WhiteElo "1887"]
[BlackElo "1646"]
[Annotator "NA RC"]
[PlyCount "141"]
[EventDate "2020.12.13"]
[EventType "blitz"]

1. d4 {[%emt 0:00:05]} g6 {[%emt 0:00:03]} 2. Nf3 {[%emt 0:00:04]} Bg7 {[%emt 0:00:02]} 3. Bf4 {[%emt 0:00:03]} e6 {[%emt 0:00:02]} 4. e3 {[%emt 0:00:03]} Ne7 {[%emt 0:00:02]} 5. Nbd2 {[%emt 0:00:04]} d5 {[%emt 0:00:05]} 6. Be2 {[%emt 0:00:05]} Nd7 {[%emt 0:00:06]} 7. O-O {[%emt 0:00:02]} O-O {[%emt 0:00:03]} 8. Rc1 {[%emt 0:00:07]} c6 {[%emt 0:00:05]} 9. c4 {[%emt 0:00:12]} Nf6 {[%emt 0:00:08]} 10. c5 {[%emt 0:00:18]} Re8 {[%emt 0:00:15]} 11. b4 {[%emt 0:00:16]} Nf5 {[%emt 0:00:04]} 12. a4 {[%emt 0:00:24]} Nh5 {[%emt 0:00:08]} 13. Be5 {[%emt 0:00:24]} Nf6 {[%emt 0:00:16]} 14. Qb3 {[%emt 0:00:42]} Bd7 {[%emt 0:00:27]} 15. b5 {[%emt 0:00:24]} Qc8 {[%emt 0:00:44]} 16. Rb1 {[%emt 0:01:21]} Rd8 {[%emt 0:00:22]} 17. Rb2 {[%emt 0:00:24]} Be8 {[%emt 0:00:03]} 18. Rfb1 {[%emt 0:00:10]} a6 {[%emt 0:00:33]} 19. bxa6 {[%emt 0:00:15]} bxa6 {[%emt 0:00:04]} 20. Qb7 {[%emt 0:00:40]} Nd7 {[%emt 0:01:09]} 21. Bc7 {[%emt 0:01:03]} Qxb7 {[%emt 0:00:06]} 22. Rxb7 {[%emt 0:00:00]} Rdc8 {[%emt 0:00:03]} 23. a5 {[%emt 0:00:30]} Kf8 {[%emt 0:00:19]} 24. g4 {[%emt 0:00:29]} Ne7 {[%emt 0:00:32]} 25. Bd6 {[%emt 0:00:10]} f6 {[%emt 0:00:15]} 26. Ne1 {[%emt 0:00:26]} Kf7 {[%emt 0:00:11]} 27. Nd3 {[%emt 0:00:07]} g5 {[%emt 0:00:17]} 28. Nb2 {[%emt 0:00:15]} f5 {[%emt 0:00:11]} 29. h3 {[%emt 0:00:08]} f4 {[%emt 0:00:29]} 30. Na4 {[%emt 0:00:19]} fxe3 {[%emt 0:00:04]} 31. fxe3 {[%emt 0:00:03]} Bf6 {[%emt 0:00:20]} 32. Nb6 {[%emt 0:00:12]} Nxb6 {[%emt 0:00:03]} 33. R1xb6 {[%emt 0:00:12]} Rd8 {[%emt 0:00:17]} 34. Nb3 {[%emt 0:00:36]} Rd7 {[%emt 0:00:29]} 35. Rxd7 {[%emt 0:00:16]} Bxd7 {[%emt 0:00:02]} 36. Rxa6 {[%emt 0:00:23]} Rxa6 {[%emt 0:00:11]} 37. Bxa6 {[%emt 0:00:00]} Bc8 {[%emt 0:00:03]} 38. Bxc8 {[%emt 0:00:09]} Nxc8 {[%emt 0:00:02]} 39. a6 {[%emt 0:00:03]} Bd8 {[%emt 0:00:16]} 40. Bb8 {[%emt 0:00:09]} Ke7 {[%emt 0:00:10]} 41. a7 {[%emt 0:00:03]} Nxa7 {[%emt 0:00:04]} 42. Bxa7 {[%emt 0:00:01]} Kd7 {[%emt 0:00:02]} 43. Bb8 {[%emt 0:00:03]} h6 {[%emt 0:00:20]} 44. Be5 {[%emt 0:00:04]} Ke8 {[%emt 0:00:18]} 45. Kg2 {[%emt 0:00:03]} Kf7 {[%emt 0:00:02]} 46. Kf3 {[%emt 0:00:04]} Kg6 {[%emt 0:00:04]} 47. Bb8 {[%emt 0:00:08]} h5 {[%emt 0:00:08]} 48. Ba7 {[%emt 0:00:04]} h4 {[%emt 0:00:05]} 49. Bb6 {[%emt 0:00:03]} Kf7 {[%emt 0:00:10]} 50. Bxd8 {[%emt 0:00:03]} Ke8 {[%emt 0:00:01]} 51. Bxg5 {[%emt 0:00:02]} Kd7 {[%emt 0:00:02]} 52. Kf4 {[%emt 0:00:01]} Kc7 {[%emt 0:00:02]} 53. Ke5 {[%emt 0:00:01]} Kd7 {[%emt 0:00:01]} 54. Na5 {[%emt 0:00:02]} Kc7 {[%emt 0:00:03]} 55. Kxe6 {[%emt 0:00:01]} Kb8 {[%emt 0:00:04]} 56. Kd6 {[%emt 0:00:02]} Kc8 {[%emt 0:00:02]} 57. Kxc6 {[%emt 0:00:04]} Kb8 {[%emt 0:00:05]} 58. Kxd5 {[%emt 0:00:06]} Kc7 {[%emt 0:00:02]} 59. Bf4+ {[%emt 0:00:02]} Kc8 {[%emt 0:00:02]} 60. c6 {[%emt 0:00:02]} Kd8 {[%emt 0:00:02]} 61. Kd6 {[%emt 0:00:09]} Kc8 {[%emt 0:00:02]} 62. e4 {[%emt 0:00:04]} Kd8 {[%emt 0:00:03]} 63. Nc4 {[%emt 0:00:03]} Kc8 {[%emt 0:00:01]} 64. d5 {[%emt 0:00:01]} Kb8 {[%emt 0:00:04]} 65. c7+ {[%emt 0:00:02]} Kc8 {[%emt 0:00:02]} 66. Nb6+ {[%emt 0:00:02]} Kb7 {[%emt 0:00:01]} 67. c8=Q+ {[%emt 0:00:02]} Kxb6 {[%emt 0:00:02]} 68. Qc5+ {[%emt 0:00:01]} Kb7 {[%emt 0:00:02]} 69. Qb5+ {[%emt 0:00:04]} Ka8 {[%emt 0:00:05]} 70. Qa6+ {[%emt 0:00:03]} Kb8 {[%emt 0:00:02]} 71. Kd7# {[%emt 0:00:02] Mate Mate} 1-0

[Event "OeISM B U10"]
[Site "AUT_boys_U10"]
[Date "2020.12.13"]
[Round "3"]
[White "Martinovicdavid"]
[Black "Mightimix"]
[Result "0-1"]
[WhiteElo "1702"]
[BlackElo "1680"]
[Annotator "NA RC"]
[PlyCount "108"]
[EventDate "2020.12.13"]
[EventType "blitz"]

1. d4 {[%emt 0:00:03]} Nf6 {[%emt 0:00:03]} 2. Nf3 {[%emt 0:00:05]} d5 {[%emt 0:00:06]} 3. Bf4 {[%emt 0:00:05]} e6 {[%emt 0:00:03]} 4. Nc3 {[%emt 0:00:05]} Bd6 {[%emt 0:00:02]} 5. Bg3 {[%emt 0:00:04]} a6 {[%emt 0:00:09]} 6. e3 {[%emt 0:00:01]} Nc6 {[%emt 0:00:07]} 7. Bd3 {[%emt 0:00:04]} O-O {[%emt 0:00:03]} 8. Bxd6 {[%emt 0:00:54]} Qxd6 {[%emt 0:00:04]} 9. O-O {[%emt 0:00:01]} Nb4 {[%emt 0:00:02]} 10. a3 {[%emt 0:00:04]} Nxd3 {[%emt 0:00:02]} 11. Qxd3 {[%emt 0:00:01]} h6 {[%emt 0:00:02]} 12. h3 {[%emt 0:00:04]} Bd7 {[%emt 0:00:04]} 13. Rfe1 {[%emt 0:00:11]} c5 {[%emt 0:00:03]} 14. Ne5 {[%emt 0:00:10]} c4 {[%emt 0:00:13]} 15. Qd2 {[%emt 0:00:15]} b5 {[%emt 0:00:04]} 16. Nxd7 {[%emt 0:00:18]} Qxd7 {[%emt 0:00:08]} 17. e4 {[%emt 0:00:02]} dxe4 {[%emt 0:00:08]} 18. Nxe4 {[%emt 0:00:02]} Nd5 {[%emt 0:00:04]} 19. Rad1 {[%emt 0:00:30]} Qe7 {[%emt 0:00:18]} 20. Qe2 {[%emt 0:00:13]} Qh4 {[%emt 0:00:04]} 21. Qf3 {[%emt 0:00:05]} Rac8 {[%emt 0:00:58]} 22. Nc5 {[%emt 0:00:44]} a5 {[%emt 0:00:11]} 23. Nd7 {[%emt 0:00:22]} Rfe8 {[%emt 0:00:10]} 24. Ne5 {[%emt 0:00:05]} Qf6 {[%emt 0:00:26]} 25. Qxf6 {[%emt 0:00:19]} Nxf6 {[%emt 0:00:00]} 26. c3 {[%emt 0:00:28]} Red8 {[%emt 0:00:04]} 27. Re3 {[%emt 0:00:37]} Nd5 {[%emt 0:00:09]} 28. Rf3 {[%emt 0:00:10]} f6 {[%emt 0:00:10]} 29. Ng6 {[%emt 0:00:19]} Kf7 {[%emt 0:00:07]} 30. Nf4 {[%emt 0:00:52]} g5 {[%emt 0:00:16]} 31. Ne2 {[%emt 0:00:35]} b4 {[%emt 0:00:17]} 32. axb4 {[%emt 0:00:59]} axb4 {[%emt 0:00:06]} 33. g3 {[%emt 0:00:08]} f5 {[%emt 0:00:39]} 34. g4 {[%emt 0:00:31]} f4 {[%emt 0:00:20]} 35. Ng3 {[%emt 0:00:09]} bxc3 {[%emt 0:00:13]} 36. bxc3 {[%emt 0:00:03]} Kg6 {[%emt 0:00:07] Martinovicdavid offers a draw} 37. Ne4 {[%emt 0:00:58]} Rb8 {[%emt 0:00:24]} 38. Nc5 {[%emt 0:00:11]} Re8 {[%emt 0:00:15]} 39. Re1 {[%emt 0:00:05]} Kf7 {[%emt 0:00:22]} 40. h4 {[%emt 0:00:15]} Rb2 {[%emt 0:00:07]} 41. hxg5 {[%emt 0:00:04]} hxg5 {[%emt 0:00:04]} 42. Rh3 {[%emt 0:00:04]} Nf6 {[%emt 0:00:11]} 43. Rc1 {[%emt 0:00:13]} Nxg4 {[%emt 0:00:29]} 44. Rh7+ {[%emt 0:00:04]} Kg6 {[%emt 0:00:02]} 45. Rc7 {[%emt 0:00:07]} Nxf2 {[%emt 0:00:13]} 46. Nd7 {[%emt 0:00:16]} Nd3 {[%emt 0:00:28]} 47. Rf1 {[%emt 0:00:18]} Rh8 {[%emt 0:00:07]} 48. Rxc4 {[%emt 0:00:02]} Rhh2 {[%emt 0:00:04]} 49. Nf8+ {[%emt 0:00:05]} Kh5 {[%emt 0:00:12]} 50. Rf2 {[%emt 0:00:09]} Rbxf2 {[%emt 0:00:08]} 51. Rc7 {[%emt 0:00:01]} Rhg2+ {[%emt 0:00:35]} 52. Kh1 {[%emt 0:00:01]} f3 {[%emt 0:00:06]} 53. Rh7+ {[%emt 0:00:05]} Kg4 {[%emt 0:00:03]} 54. Nxe6 {[%emt 0:00:03]} Rf1# {[%emt 0:00:02] Mate Mate} 0-1

[Event "OeISM B U10"]
[Site "AUT_boys_U10"]
[Date "2020.12.13"]
[Round "3"]
[White "Super-Patzer"]
[Black "NIKO2011"]
[Result "0-1"]
[WhiteElo "1640"]
[BlackElo "1839"]
[Annotator "NA RC"]
[PlyCount "90"]
[EventDate "2020.12.13"]
[EventType "blitz"]

1. e4 {[%emt 0:00:03]} c5 {[%emt 0:00:02]} 2. Nf3 {[%emt 0:00:02]} e6 {[%emt 0:00:01]} 3. c3 {[%emt 0:00:03]} a6 {[%emt 0:00:07]} 4. d4 {[%emt 0:00:03]} cxd4 {[%emt 0:00:02]} 5. cxd4 {[%emt 0:00:02]} d5 {[%emt 0:00:11]} 6. exd5 {[%emt 0:00:05]} Qxd5 {[%emt 0:00:03]} 7. Nc3 {[%emt 0:00:10]} Qd8 {[%emt 0:00:03]} 8. Bf4 {[%emt 0:00:08]} Nf6 {[%emt 0:00:02]} 9. Bc4 {[%emt 0:00:08]} b5 {[%emt 0:00:03]} 10. Bb3 {[%emt 0:00:03]} Bb7 {[%emt 0:00:03]} 11. O-O {[%emt 0:00:06]} Be7 {[%emt 0:00:01]} 12. Re1 {[%emt 0:00:04]} O-O {[%emt 0:00:03]} 13. Bg5 {[%emt 0:00:05]} Qd7 {[%emt 0:00:11]} 14. Bxf6 {[%emt 0:00:06]} Bxf6 {[%emt 0:00:03]} 15. d5 {[%emt 0:00:24]} Bxc3 {[%emt 0:00:17]} 16. dxe6 {[%emt 0:00:04]} Qxd1 {[%emt 0:00:06]} 17. exf7+ {[%emt 0:00:04]} Kh8 {[%emt 0:00:02]} 18. Rexd1 {[%emt 0:00:13]} Bxb2 {[%emt 0:00:05]} 19. Re1 {[%emt 0:00:07]} Nc6 {[%emt 0:00:05]} 20. Rab1 {[%emt 0:00:02]} Bc3 {[%emt 0:00:04]} 21. Re3 {[%emt 0:00:07]} Bf6 {[%emt 0:00:03]} 22. Rbe1 {[%emt 0:00:12]} Ne7 {[%emt 0:00:27]} 23. Ne5 {[%emt 0:00:14]} g6 {[%emt 0:00:08]} 24. Nd7 {[%emt 0:00:05]} Kg7 {[%emt 0:00:03]} 25. Nxf8 {[%emt 0:00:02]} Rxf8 {[%emt 0:00:02]} 26. h3 {[%emt 0:00:08]} Bd5 {[%emt 0:00:05]} 27. Bxd5 {[%emt 0:00:07]} Nxd5 {[%emt 0:00:01]} 28. Rd3 {[%emt 0:00:06]} Nb6 {[%emt 0:00:07]} 29. Rd6 {[%emt 0:00:04]} Nc4 {[%emt 0:00:01]} 30. Rxa6 {[%emt 0:00:07]} Rxf7 {[%emt 0:00:03]} 31. a4 {[%emt 0:00:14]} b4 {[%emt 0:01:01]} 32. Re4 {[%emt 0:00:07]} Rc7 {[%emt 0:00:19]} 33. a5 {[%emt 0:00:18]} b3 {[%emt 0:00:17]} 34. Re1 {[%emt 0:00:12]} b2 {[%emt 0:00:04]} 35. Rb1 {[%emt 0:00:03]} Na3 {[%emt 0:00:02]} 36. Re1 {[%emt 0:00:06]} b1=Q {[%emt 0:00:04]} 37. Rxb1 {[%emt 0:00:01]} Nxb1 {[%emt 0:00:01]} 38. Rb6 {[%emt 0:00:06]} Nc3 {[%emt 0:00:04]} 39. a6 {[%emt 0:00:02]} Be5 {[%emt 0:00:03]} 40. g3 {[%emt 0:00:07]} Bd4 {[%emt 0:00:10]} 41. Rb4 {[%emt 0:00:16]} Ra7 {[%emt 0:00:07]} 42. Rxd4 {[%emt 0:00:06]} Ne2+ {[%emt 0:00:01]} 43. Kg2 {[%emt 0:00:03]} Nxd4 {[%emt 0:00:01]} 44. f3 {[%emt 0:00:04]} Rxa6 {[%emt 0:00:02]} 45. Kf2 {[%emt 0:00:02]} Ra3 {[%emt 0:00:05] Super-Patzer resigns} 0-1

[Event "OeISM B U10"]
[Site "AUT_boys_U10"]
[Date "2020.12.13"]
[Round "3"]
[White "Codeman1980"]
[Black "Lukas-2010"]
[Result "0-1"]
[WhiteElo "1634"]
[BlackElo "1950"]
[Annotator "NA RC"]
[PlyCount "46"]
[EventDate "2020.12.13"]
[EventType "blitz"]

1. e4 {[%emt 0:00:04]} e5 {[%emt 0:00:08]} 2. Bc4 {[%emt 0:00:05]} Nf6 {[%emt 0:00:06]} 3. d3 {[%emt 0:00:03]} Nc6 {[%emt 0:00:08]} 4. Nf3 {[%emt 0:00:15]} h6 {[%emt 0:00:14]} 5. c3 {[%emt 0:00:45]} d6 {[%emt 0:00:09]} 6. h3 {[%emt 0:00:33]} g5 {[%emt 0:00:04]} 7. Bxg5 {[%emt 0:01:03]} hxg5 {[%emt 0:00:11]} 8. Nxg5 {[%emt 0:00:04]} d5 {[%emt 0:01:05]} 9. exd5 {[%emt 0:00:27]} Nxd5 {[%emt 0:00:25]} 10. h4 {[%emt 0:01:26]} Qxg5 {[%emt 0:00:10]} 11. Bxd5 {[%emt 0:01:10]} Qg6 {[%emt 0:00:31]} 12. Qf3 {[%emt 0:00:50]} Bd7 {[%emt 0:00:22]} 13. h5 {[%emt 0:00:11]} Qf5 {[%emt 0:00:16]} 14. Bxc6 {[%emt 0:00:59]} bxc6 {[%emt 0:00:04]} 15. Qe2 {[%emt 0:00:34]} O-O-O {[%emt 0:00:24]} 16. b4 {[%emt 0:00:24]} Be6 {[%emt 0:00:30]} 17. Nd2 {[%emt 0:01:15]} Bh6 {[%emt 0:00:23]} 18. Ne4 {[%emt 0:00:31]} Bd5 {[%emt 0:00:16]} 19. Nc5 {[%emt 0:00:09]} Kb8 {[%emt 0:00:26]} 20. d4 {[%emt 0:00:04]} exd4 {[%emt 0:00:09]} 21. Qa6 {[%emt 0:00:02]} Rhe8+ {[%emt 0:00:08]} 22. Kf1 {[%emt 0:00:05]} Qc8 {[%emt 0:00:02]} 23. Qa5 {[%emt 0:00:09]} Bc4+ {[%emt 0:00:07] Zeit (Lag: Av=1.05s, max=3.1s) .} 0-1

[Event "OeISM B U10"]
[Site "AUT_boys_U10"]
[Date "2020.12.13"]
[Round "3"]
[White "Mattfried"]
[Black "EdiRaber"]
[Result "1-0"]
[WhiteElo "1629"]
[BlackElo "1755"]
[Annotator "NA RC"]
[PlyCount "33"]
[EventDate "2020.12.13"]
[EventType "blitz"]

1. e4 {[%emt 0:00:04]} e5 {[%emt 0:00:02]} 2. Nf3 {[%emt 0:00:03]} Nc6 {[%emt 0:00:01]} 3. d4 {[%emt 0:00:02]} exd4 {[%emt 0:00:02]} 4. Bc4 {[%emt 0:00:02]} d6 {[%emt 0:00:04]} 5. c3 {[%emt 0:00:04]} dxc3 {[%emt 0:00:02]} 6. O-O {[%emt 0:00:08]} Nf6 {[%emt 0:00:05]} 7. Bg5 {[%emt 0:00:08]} cxb2 {[%emt 0:00:06]} 8. Bxf7+ {[%emt 0:00:22]} Kxf7 {[%emt 0:00:10]} 9. Qb3+ {[%emt 0:00:02]} Be6 {[%emt 0:00:03]} 10. Qxb2 {[%emt 0:00:03]} Be7 {[%emt 0:00:03]} 11. Rd1 {[%emt 0:00:31]} Rf8 {[%emt 0:00:07]} 12. e5 {[%emt 0:00:04]} Nd5 {[%emt 0:00:12]} 13. Bxe7 {[%emt 0:00:12]} Ndxe7 {[%emt 0:00:04]} 14. exd6 {[%emt 0:00:09]} cxd6 {[%emt 0:00:03]} 15. Ng5+ {[%emt 0:00:08]} Kg8 {[%emt 0:00:33]} 16. Nxe6 {[%emt 0:00:04]} Qa5 {[%emt 0:00:08]} 17. Qxg7# {[%emt 0:00:02] Mate Mate} 1-0

[Event "OeISM B U10"]
[Site "AUT_boys_U10"]
[Date "2020.12.13"]
[Round "3"]
[White "Sunny3000"]
[Black "Felix808"]
[Result "0-1"]
[WhiteElo "1549"]
[BlackElo "1451"]
[Annotator "NA RC"]
[PlyCount "122"]
[EventDate "2020.12.13"]
[EventType "blitz"]

1. e4 {[%emt 0:00:07]} e5 {[%emt 0:00:02]} 2. Nf3 {[%emt 0:00:01]} Nc6 {[%emt 0:00:03]} 3. Bb5 {[%emt 0:00:01]} d6 {[%emt 0:00:11]} 4. O-O {[%emt 0:00:04]} Nf6 {[%emt 0:00:03]} 5. Re1 {[%emt 0:00:11]} Bd7 {[%emt 0:00:03]} 6. d4 {[%emt 0:00:28]} a6 {[%emt 0:00:07]} 7. Ba4 {[%emt 0:00:10]} b5 {[%emt 0:00:03]} 8. Bb3 {[%emt 0:00:03]} Be7 {[%emt 0:00:03]} 9. Bg5 {[%emt 0:00:08]} O-O {[%emt 0:00:03]} 10. Nc3 {[%emt 0:00:15]} h6 {[%emt 0:00:05]} 11. Bh4 {[%emt 0:00:19]} b4 {[%emt 0:00:09]} 12. Nd5 {[%emt 0:00:10]} Nxd5 {[%emt 0:00:04]} 13. exd5 {[%emt 0:00:20]} Nxd4 {[%emt 0:00:20]} 14. Bxe7 {[%emt 0:00:28]} Nxf3+ {[%emt 0:00:04]} 15. Qxf3 {[%emt 0:00:09]} Qxe7 {[%emt 0:00:03]} 16. Qe4 {[%emt 0:00:17]} c5 {[%emt 0:00:10]} 17. c3 {[%emt 0:00:59]} bxc3 {[%emt 0:00:04]} 18. bxc3 {[%emt 0:00:03]} f5 {[%emt 0:00:13]} 19. Qe2 {[%emt 0:00:19]} Rf6 {[%emt 0:00:12]} 20. Bc2 {[%emt 0:00:48]} Rg6 {[%emt 0:00:09]} 21. Qh5 {[%emt 0:00:10]} Qg5 {[%emt 0:00:03]} 22. Qxg5 {[%emt 0:00:15]} Rxg5 {[%emt 0:00:02]} 23. Rab1 {[%emt 0:00:10]} f4 {[%emt 0:00:18]} 24. Rb6 {[%emt 0:00:23]} Bh3 {[%emt 0:00:15]} 25. g3 {[%emt 0:00:18]} fxg3 {[%emt 0:00:08]} 26. hxg3 {[%emt 0:00:04]} h5 {[%emt 0:00:16]} 27. Kh2 {[%emt 0:00:14]} Bc8 {[%emt 0:00:13]} 28. Rxd6 {[%emt 0:00:20]} h4 {[%emt 0:00:29]} 29. Rd8+ {[%emt 0:00:18]} Kf7 {[%emt 0:00:05]} 30. Rh8 {[%emt 0:00:25]} hxg3+ {[%emt 0:00:06]} 31. fxg3 {[%emt 0:00:03]} Bb7 {[%emt 0:00:11]} 32. c4 {[%emt 0:00:16]} Rxh8+ {[%emt 0:00:05]} 33. Kg2 {[%emt 0:00:11]} Rgh5 {[%emt 0:00:13]} 34. Rf1+ {[%emt 0:00:22]} Ke7 {[%emt 0:00:10]} 35. Bg6 {[%emt 0:00:55]} Rh2+ {[%emt 0:00:07]} 36. Kf3 {[%emt 0:00:02]} Rxa2 {[%emt 0:00:08]} 37. Kg4 {[%emt 0:00:05]} Ra4 {[%emt 0:00:12]} 38. Rf7+ {[%emt 0:00:23]} Kd6 {[%emt 0:00:03]} 39. Rxb7 {[%emt 0:00:08]} Rxc4+ {[%emt 0:00:02]} 40. Kf5 {[%emt 0:00:12]} Rf8+ {[%emt 0:00:10]} 41. Kg5 {[%emt 0:00:06]} e4 {[%emt 0:00:21]} 42. Rb6+ {[%emt 0:00:23]} Kc7 {[%emt 0:00:07]} 43. Rc6+ {[%emt 0:00:06]} Kb7 {[%emt 0:00:08]} 44. Re6 {[%emt 0:00:15]} Rf6 {[%emt 0:00:28]} 45. Bxe4 {[%emt 0:00:37]} Rxe6 {[%emt 0:00:12]} 46. dxe6+ {[%emt 0:00:01]} Rxe4 {[%emt 0:00:02]} 47. Kf5 {[%emt 0:00:04]} Re1 {[%emt 0:00:13]} 48. g4 {[%emt 0:00:03]} c4 {[%emt 0:00:02]} 49. g5 {[%emt 0:00:03]} c3 {[%emt 0:00:01]} 50. Kg6 {[%emt 0:00:02]} c2 {[%emt 0:00:03]} 51. Kf7 {[%emt 0:00:06]} c1=Q {[%emt 0:00:02]} 52. e7 {[%emt 0:00:00]} Qf4+ {[%emt 0:00:10]} 53. Kg6 {[%emt 0:00:09]} Rxe7 {[%emt 0:00:05]} 54. Kh5 {[%emt 0:00:04]} Qf3+ {[%emt 0:00:16]} 55. Kg6 {[%emt 0:00:02]} Re6+ {[%emt 0:00:04]} 56. Kxg7 {[%emt 0:00:03]} Kb6 {[%emt 0:00:09]} 57. g6 {[%emt 0:00:06]} Qf6+ {[%emt 0:00:07]} 58. Kg8 {[%emt 0:00:10]} Qxg6+ {[%emt 0:00:05]} 59. Kf8 {[%emt 0:00:01]} Qe8+ {[%emt 0:00:16]} 60. Kg7 {[%emt 0:00:02]} Qd7+ {[%emt 0:00:02]} 61. Kf8 {[%emt 0:00:03]} Re8# {[%emt 0:00:01] Mate Mate} 0-1

[Event "OeISM B U10"]
[Site "AUT_boys_U10"]
[Date "2020.12.13"]
[Round "3"]
[White "Noeldep3f"]
[Black "Max003"]
[Result "1-0"]
[WhiteElo "1518"]
[BlackElo "1419"]
[Annotator "NA RC"]
[PlyCount "55"]
[EventDate "2020.12.13"]
[EventType "blitz"]

1. e4 {[%emt 0:00:00]} c5 {[%emt 0:00:05]} 2. Nf3 {[%emt 0:00:04]} Nc6 {[%emt 0:00:10]} 3. d4 {[%emt 0:00:03]} cxd4 {[%emt 0:00:02]} 4. Nxd4 {[%emt 0:00:02]} e6 {[%emt 0:00:03]} 5. Be3 {[%emt 0:00:05]} Nf6 {[%emt 0:00:02]} 6. Nc3 {[%emt 0:00:03]} Be7 {[%emt 0:00:02]} 7. Bc4 {[%emt 0:00:07]} a6 {[%emt 0:00:03]} 8. a3 {[%emt 0:00:05]} O-O {[%emt 0:00:03]} 9. O-O {[%emt 0:00:03]} b5 {[%emt 0:00:05]} 10. Bb3 {[%emt 0:00:08]} d5 {[%emt 0:00:09]} 11. f3 {[%emt 0:00:07]} h6 {[%emt 0:00:17]} 12. Nxc6 {[%emt 0:00:08]} Qc7 {[%emt 0:00:10]} 13. Nxe7+ {[%emt 0:00:03]} Qxe7 {[%emt 0:00:03]} 14. exd5 {[%emt 0:00:04]} exd5 {[%emt 0:00:02]} 15. Re1 {[%emt 0:00:08]} Nd7 {[%emt 0:00:16]} 16. Nxd5 {[%emt 0:00:03]} Qh4 {[%emt 0:00:05]} 17. c3 {[%emt 0:00:27]} Ne5 {[%emt 0:00:03]} 18. Bd4 {[%emt 0:00:07]} Ng6 {[%emt 0:00:19]} 19. Bc2 {[%emt 0:00:20]} Qg5 {[%emt 0:00:05]} 20. Bxg6 {[%emt 0:00:04]} Qxg6 {[%emt 0:00:03]} 21. Ne7+ {[%emt 0:00:03]} Kh7 {[%emt 0:00:09]} 22. Nxg6 {[%emt 0:00:02]} Kxg6 {[%emt 0:00:00]} 23. Qd3+ {[%emt 0:00:03]} Kg5 {[%emt 0:00:03]} 24. Qe3+ {[%emt 0:00:02]} Kh4 {[%emt 0:00:02]} 25. Qf4+ {[%emt 0:00:02]} Kh5 {[%emt 0:00:02]} 26. g4+ {[%emt 0:00:09]} Kh4 {[%emt 0:00:02]} 27. Be3 {[%emt 0:00:08]} g5 {[%emt 0:00:05]} 28. Qg3# {[%emt 0:00:03] Mate Mate} 1-0